Bizonline: Merchant toolkit for smart shopping [Project BIT1] (Record no. 8889)

000 -LEADER
fixed length control field 00540 a2200145 4500
082 ## - DEWEY DECIMAL CLASSIFICATION NUMBER
Classification number 378.242
100 ## - MAIN ENTRY--PERSONAL NAME
Personal name Shahryar Gul Shaikh
9 (RLIN) 92407
245 ## - TITLE STATEMENT
Title Bizonline: Merchant toolkit for smart shopping [Project BIT1]
Statement of responsibility, etc. Shahryar Gul Shaikh
260 ## - PUBLICATION, DISTRIBUTION, ETC.
Place of publication, distribution, etc. Isalamabad,
Name of publisher, distributor, etc. NUST Institute of Information Technology,
Date of publication, distribution, etc. 2004.
300 ## - PHYSICAL DESCRIPTION
Extent vi, 76 p. :
Other physical details ill. ;
Dimensions 27 cm.
Accompanying material CD-ROM
500 ## - GENERAL NOTE
General note Supervisor : Mr. Shahzad Khan.
650 ## - SUBJECT ADDED ENTRY--TOPICAL TERM
Topical term or geographic name entry element Online Shopping
9 (RLIN) 92408
856 ## - ELECTRONIC LOCATION AND ACCESS
Uniform Resource Identifier <a href="http://10.250.8.41:8080/xmlui/handle/123456789/9099">http://10.250.8.41:8080/xmlui/handle/123456789/9099</a>
942 ## - ADDED ENTRY ELEMENTS (KOHA)
Koha item type Project Report
Call number prefix 378.242 SHA
Source of classification or shelving scheme
Holdings
Withdrawn status Lost status Source of classification or shelving scheme Damaged status Not for loan Permanent Location Current Location Shelving location Date acquired Full call number Barcode Date last seen Price effective from Koha item type
WITHDRAWN         Central Library (CL) Central Library (CL) General Stacks 06/03/2014 378.242 SHA SEECSP00043 11/14/2012 01/05/2017 Project Report
WITHDRAWN         Central Library (CL) Central Library (CL) Thesis 10/13/2020 004 CL-BP-525 10/13/2020 10/13/2020 Project Report
© 2023 Central Library, National University of Sciences and Technology. All Rights Reserved.